Central Library OPAC University of Rajshahi
Normal view MARC view

Entry Personal Name

Number of records used in: 2

001 - CONTROL NUMBER

  • control field: 15343

003 - CONTROL NUMBER IDENTIFIER

  • control field: BD-RjUL

005 - DATE AND TIME OF LATEST TRANSACTION

  • control field: 20250427145710.0

008 - FIXED-LENGTH DATA ELEMENTS

  • fixed length control field: 250427|| aca||aabn | a|a d

040 ## - CATALOGING SOURCE

  • Original cataloging agency: BD-RjUL
  • Transcribing agency: BD-RjUL

100 ## - HEADING--PERSONAL NAME

  • Personal name: Aḥmad K̲h̲ān̲, Sayyid,: ‏
  • Titles and other words associated with a name: Sir,
  • Dates associated with a name: 1817-1898

670 ## - SOURCE DATA FOUND

  • Source citation: Work cat.: (BD-RjUL)84865: Aḥmad K̲h̲ān̲, Sayyid,: ‏ Sir, 1817-1898., Intik̲h̲āb-i maz̤āmīn-i Sar Sayyid., [1969?]